000 00886nam a2200205 a 4500
005 20210223120712.0
008 991125s1973 es 000 0 spa u
020 _a8403010036
035 _aUPN01000005781
049 _aCE
050 4 _aDF208
_bB5.3
245 0 0 _aBiógrafos griegos /
_ctr. del griego y notas por Antonio Sanz Romanillos, José Ortiz y Sanz, José M. Riaño ; pról. Juan Martín Ruiz-Werner ; preámbulos parciales por F. de P. Samaranch y J. M. Riaño.
260 _aMadrid :
_bAguilar,
_c1973.
300 _a1483 p., [8] p. de láms.
440 0 _aGrandes culturas
505 8 _aContenido: Vidas paralelas / Plutarco -- Vidas, opiniones y sentencias de los filósofos más ilustres / Diógenes Laercio -- Vidas de los sofistas / Filostrato -- Agesilao / Jenofonte
650 4 _aBIOGRAFIA CLASICA
_94160
651 4 _aGRECIA -
_vBIOGRAFIA
_910775
905 _aLibro
999 _c5781
_d5781